Slaneckú cestu spomalí ďalšie obchodné centrum na Jazere mestská časť výstavbu odklepla s podmienkami

Bibliographic Details
Format: Article
Language:Slovak
Subjects:

MARC

LEADER 00000nab a2200000 a 4500
001 vtls009361069
003 SK-MaSNL
005 20260303054819.0
008 081114c20081114xo drz 0 0slo
038 |a KEVKJB 
040 |a KEVKJB  |b slo  |c KEVKJB  |e AACR2 
041 0 |a slo 
044 |a xo  |c SK 
080 |a 725.214  |2 2001 
080 |a 656.11  |2 2001 
245 0 0 |a Slaneckú cestu spomalí ďalšie obchodné centrum na Jazere  |b mestská časť výstavbu odklepla s podmienkami  |c Eva Eperješiová, Roman Rokytka 
300 |b Fotogr. 
650 0 7 |a obchodné centrá  |z Košice (Slovensko)  |2 kevkjb  |9 1046358 
650 0 7 |a cesty  |x projekty  |z Košice (Slovensko)  |2 kevkjb  |9 1049374 
651 7 |a Košice (Slovensko)  |2 kevkjb  |9 18694 
651 7 |a Nad jazerom (Košice IV, Slovensko)  |2 kevkjb  |9 160202 
651 7 |a Slanecká cesta (Košice, Slovensko)  |2 kevkjb  |9 888072 
773 0 |t Košický Korzár  |g Roč. XI, č. 264 (14.11.2008), s. 3  |x 1335-4566 
852 |a KEVKJB  |b KIS3GCP 
999 |c 1724708  |d 1726638